Just joking! / (Record no. 13519)

MARC details
000 -LEADER
fixed length control field 01495nam a22003017a 4500
003 - CONTROL NUMBER IDENTIFIER
control field dpl
005 - DATE AND TIME OF LATEST TRANSACTION
control field 20080806125857.0
008 - FIXED-LENGTH DATA ELEMENTS--GENERAL INFORMATION
fixed length control field 080806t xxu||||| |||| 00| 0 eng d
010 ## - LIBRARY OF CONGRESS CONTROL NUMBER
LC control number B-281897-902
020 ## - INTERNATIONAL STANDARD BOOK NUMBER
International Standard Book Number 0439424720
Terms of availability 125.00
035 ## - SYSTEM CONTROL NUMBER
System control number B-281897-902
037 ## - SOURCE OF ACQUISITION
Stock number TR-A-00118HQ/23.7.08
040 ## - CATALOGING SOURCE
Original cataloging agency DPL
Language of cataloging EN
082 ## - DEWEY DECIMAL CLASSIFICATION NUMBER
Classification number S
100 ## - MAIN ENTRY--PERSONAL NAME
Personal name Griffiths, Andy
245 ## - TITLE STATEMENT
Title Just joking! /
Statement of responsibility, etc by Andy Griffiths; illustrated by Terry Denton
260 ## - PUBLICATION, DISTRIBUTION, ETC. (IMPRINT)
Name of publisher, distributor, etc Scholastic Inc.
Date of publication, distribution, etc 2007(repr.).
Place of publication, distribution, etc New York
270 ## - ADDRESS
Address 550 A, Pace City-II, Sector - 37, (Vender)
City Gurgaon
Postal code 122004
Telephone number 2212432
300 ## - PHYSICAL DESCRIPTION
Extent 137p.:
Dimensions 20 cm (pbk)
Other physical details ill.
700 ## - ADDED ENTRY--PERSONAL NAME
Personal name Denton, Terry
942 ## - ADDED ENTRY ELEMENTS (KOHA)
Koha item type Children Books
Classification part S
Source of classification or shelving scheme Dewey Decimal Classification
Call number suffix GRI
Holdings
Withdrawn status Lost status Damaged status Not for loan Collection code Home library Current library Date acquired Cost, normal purchase price Total Checkouts Full call number Barcode Date last seen Copy number Cost, replacement price Price effective from Koha item type Source of classification or shelving scheme Public note
        Fiction Central Library Central Library 11/06/2008 125.00   S GRI B-281897 15/09/2008 1 125.00 15/09/2008 Children Books    
        Fiction Jor Bagh (Children Lib) Jor Bagh (Children Lib) 06/08/2008 125.00   S GRI B-281900 15/09/2008 1 125.00 15/09/2008 Children Books Dewey Decimal Classification  
        Fiction Karol Bagh Karol Bagh 06/08/2008 125.00   S GRI B-281901 15/09/2008 1 125.00 15/09/2008 Children Books Dewey Decimal Classification  
        Fiction Patel Nagar Patel Nagar 06/08/2008 125.00   S GRI B-281898 15/09/2008 1 125.00 15/09/2008 Children Books Dewey Decimal Classification  
        Fiction R.C.Libraries (zls) R.C.Libraries (zls) 06/08/2008 125.00   S GRI B-281899 15/09/2008 1 125.00 15/09/2008 Children Books Dewey Decimal Classification  
Written off       Fiction Shahdara Branch Shahdara Branch 06/08/2008 125.00   S GRI B-281902 15/09/2008 1 125.00 15/09/2008 Children Books Dewey Decimal Classification Written off on approval by DLB (By Circulation); dtd 20.12.2022

© Delhi Public Library
Hit Counter
free hit counter